000 00618nam a2200217Ia 4500
001 11892
003 GE_BSU
008 181216s||||||||xx |||||||||||||| ||und||
040 _cGE_BSU
080 _a635/(075.8)
100 _aМарков,В.М.
245 _aОвощеводство
245 _bУч.пособ.для агрономич. спец.сельхоз. вузов
245 _cРед.В.М.Шлепанов.Худ.Б.Диадоров
260 _aМосква
260 _bКолос
260 _c1966
300 _a574стр..ил.22см.
653 _aОвощеводство
942 _cBK
999 _c45069
_d45069